[Event "Asian Continental blitz (Women) op 20th"]
[Site "Almaty"]
[Date "2023.06.03"]
[Round "3"]
[White "Noshin, Anjum"]
[Black "Soumya, Swaminathan"]
[Result "0-1"]
[WhiteElo "1946"]
[BlackElo "2293"]
[PlyCount "56"]
[EventDate "2023.06.03"]
[EventType "swiss (blitz)"]
[EventRounds "9"]
[EventCountry "KAZ"]
[SourceTitle "CBM 214 Extra"]
[Source "ChessBase"]
[SourceDate "2023.07.31"]
[SourceVersion "1"]
[SourceVersionDate "2023.07.31"]
[SourceQuality "1"]

1. e4 c5 2. Nf3 Nc6 3. d4 cxd4 4. Nxd4 Nf6 5. Nc3 d6 6. Bg5 e6 7. Qd2 a6 8. 0-0-0 Be7 9. f4 Bd7 10. Kb1 b5 11. f5 Qb6 12. fxe6 fxe6 13. Nxc6 Qxc6 14. Bd3 b4 15. Ne2 Qb6 16. Be3 Qb7 17. Ng3 0-0 18. Bg5 Rac8 19. h4 h6 20. Bxh6 gxh6 21. Qxh6 Rf7 22. e5 Ng4 23. Qh5 Nxe5 24. Be4 Qc7 25. Rhf1 Rg7 26. Ne2 Be8 27. Qh6 Bf7 28. Nf4 Ng4 0-1

[Event "Asia zt 3.2 (Women)"]
[Site "Dhaka"]
[Date "2023.05.09"]
[Round "8"]
[White "Sanudula, KM Dahamdi"]
[Black "Noshin, Anjum"]
[Result "0-1"]
[WhiteElo "1677"]
[BlackElo "1946"]
[PlyCount "92"]
[EventDate "2023.05.02"]
[EventType "tourn"]
[EventRounds "9"]
[EventCountry "BAN"]
[SourceTitle "CBM 215 Extra"]
[Source "ChessBase"]
[SourceDate "2023.09.30"]
[SourceVersion "1"]
[SourceVersionDate "2023.09.30"]
[SourceQuality "1"]

1. d4 d5 2. Bf4 c5 3. e3 Nc6 4. c3 Qb6 5. Qc2 Nf6 6. Nd2 g6 7. Ngf3 Bg7 8. Qc1 Nh5 9. Bg3 Nxg3 10. hxg3 Bf5 11. Nh4 Bg4 12. dxc5 Qxc5 13. Nb3 Qb6 14. Qd2 Rd8 15. Be2 Ne5 16. Bxg4 Nxg4 17. Qe2 h5 18. Nf3 a5 19. Nbd4 a4 20. Qb5+ Qxb5 21. Nxb5 e6 22. 0-0 Ke7 23. Rfe1 Nf6 24. Nd2 h4 25. gxh4 Rxh4 26. f3 Nd7 27. Rad1 Nc5 28. Nf1 Rdh8 29. Na3 g5 30. Nc2 g4 31. f4 Ne4 32. g3 Rh1+ 33. Kg2 R8h3 34. Nb4 Nxg3 35. Nd3 Ne4 36. Nf2 Nxf2 37. Kxf2 Bf6 38. Re2 Bh4+ 39. Kg2 f5 40. c4 dxc4 41. b3 axb3 42. axb3 c3 43. e4 fxe4 44. Rd4 e3 45. Rxe3 Rxf1 46. Rxh3 Rf2+ 0-1

[Event "Titled Tuesday intern op 31st Jan Early"]
[Site "Chess.com INT"]
[Date "2023.01.31"]
[Round "2"]
[White "Noshin, Anjum"]
[Black "Jimenez, Joaquin Rodrigo"]
[Result "0-1"]
[WhiteElo "1876"]
[BlackElo "2195"]
[PlyCount "74"]
[EventDate "2023.01.31"]
[EventType "swiss (blitz)"]
[EventRounds "11"]
[EventCountry "USA"]
[SourceTitle "CBM 212 Extra"]
[Source "ChessBase"]
[SourceDate "2023.03.31"]
[SourceVersion "1"]
[SourceVersionDate "2023.03.31"]
[SourceQuality "1"]

1. e4 e6 2. d4 d5 3. Nc3 Bb4 4. e5 c5 5. a3 Bxc3+ 6. bxc3 Ne7 7. Qg4 Nf5 8. Bd3 h5 9. Qf3 cxd4 10. Bxf5 exf5 11. cxd4 Nc6 12. Ne2 Be6 13. 0-0 Qh4 14. Rb1 b6 15. Bf4 Rc8 16. h3 Qe7 17. Rfd1 g5 18. Bh2 g4 19. Qd3 Rg8 20. Nf4 h4 21. Nxe6 fxe6 22. hxg4 Rxg4 23. f4 Kd7 24. Rd2 Rcg8 25. Kh1 Kc7 26. c4 Qd7 27. c5 Rb8 28. cxb6+ Rxb6 29. Rc1 Kb7 30. Rdc2 Rg8 31. Qf3 Rc8 32. Qf2 Qd8 33. Rc3 Qe7 34. Bg1 Rg8 35. Rh3 Rg4 36. Rhc3 Qh7 37. Kh2 Rg3 0-1

[Event "Titled Tuesday intern op 31st Jan Early"]
[Site "Chess.com INT"]
[Date "2023.01.31"]
[Round "1"]
[White "Ristic, Nebojsa M"]
[Black "Noshin, Anjum"]
[Result "1-0"]
[WhiteElo "2272"]
[BlackElo "1876"]
[PlyCount "49"]
[EventDate "2023.01.31"]
[EventType "swiss (blitz)"]
[EventRounds "11"]
[EventCountry "USA"]
[SourceTitle "CBM 212 Extra"]
[Source "ChessBase"]
[SourceDate "2023.03.31"]
[SourceVersion "1"]
[SourceVersionDate "2023.03.31"]
[SourceQuality "1"]

1. d4 d5 2. c4 dxc4 3. Nf3 Nf6 4. e3 e6 5. Bxc4 c5 6. 0-0 a6 7. b3 b5 8. Bd3 Bb7 9. Bb2 Nc6 10. Nbd2 Be7 11. Qe2 cxd4 12. Nxd4 0-0 13. Rfd1 Nxd4 14. Bxd4 Nd5 15. Ne4 f5 16. Ng3 Bf6 17. Qb2 Nb4 18. Bf1 Bxd4 19. Rxd4 Qf6 20. Rad1 Nc6 21. R4d2 Qxb2 22. Rxb2 Rad8 23. Rc1 Nb4 24. Rc7 Bd5 25. a3 1-0

[Event "Titled Tuesday intern op 03rd Jan Early"]
[Site "Chess.com INT"]
[Date "2023.01.03"]
[Round "2"]
[White "Noshin, Anjum"]
[Black "Ansh, M Shah"]
[Result "0-1"]
[WhiteElo "1876"]
[BlackElo "2166"]
[PlyCount "52"]
[EventDate "2023.01.03"]
[EventType "swiss (blitz)"]
[EventRounds "11"]
[EventCountry "USA"]
[SourceTitle "EXT 2024"]
[Source "ChessBase"]
[SourceDate "2023.10.10"]
[SourceVersion "1"]
[SourceVersionDate "2023.10.10"]
[SourceQuality "1"]

1. e4 c6 2. d4 d5 3. Nc3 dxe4 4. Nxe4 Bf5 5. Ng3 Bg6 6. Nf3 Nd7 7. h4 h6 8. h5 Bh7 9. Bd3 Bxd3 10. Qxd3 e6 11. Bd2 Ngf6 12. 0-0-0 Be7 13. Kb1 0-0 14. Ne4 Nxe4 15. Qxe4 Nf6 16. Qe2 Qd5 17. Be3 b5 18. Ne5 Rfc8 19. g4 Ne4 20. Rhe1 b4 21. Qd3 Rab8 22. Ka1 Nd6 23. g5 Bxg5 24. Bxg5 hxg5 25. Qg3 Ne4 26. Qg4 f5 0-1

[Event "Titled Tuesday intern op 03rd Jan Early"]
[Site "Chess.com INT"]
[Date "2023.01.03"]
[Round "4"]
[White "Noshin, Anjum"]
[Black "Estrada Nieto, Julian"]
[Result "1-0"]
[WhiteElo "1876"]
[BlackElo "2248"]
[PlyCount "91"]
[EventDate "2023.01.03"]
[EventType "swiss (blitz)"]
[EventRounds "11"]
[EventCountry "USA"]
[SourceTitle "EXT 2024"]
[Source "ChessBase"]
[SourceDate "2023.10.10"]
[SourceVersion "1"]
[SourceVersionDate "2023.10.10"]
[SourceQuality "1"]

1. e4 e5 2. Nf3 Nc6 3. Bb5 a6 4. Ba4 Nf6 5. 0-0 Be7 6. Re1 b5 7. Bb3 d6 8. h3 Na5 9. c3 Nxb3 10. axb3 0-0 11. d4 Bb7 12. Nbd2 Nd7 13. b4 Re8 14. b3 exd4 15. cxd4 Bf6 16. Bb2 g6 17. e5 dxe5 18. dxe5 Bg7 19. Ne4 Qe7 20. Nf6+ Bxf6 21. exf6 Qd6 22. Qxd6 cxd6 23. Re7 Bxf3 24. gxf3 Rxe7 25. fxe7 f6 26. Rd1 Re8 27. Rxd6 Rxe7 28. Rxa6 Kf7 29. Ra5 Ne5 30. Rxb5 Nxf3+ 31. Kg2 Ne1+ 32. Kf1 Nd3 33. Bd4 Re4 34. Bc5 h5 35. Rb7+ Ke8 36. Rg7 g5 37. Rh7 h4 38. Rh8+ Kd7 39. Rf8 Re1+ 40. Kg2 Nxc5 41. bxc5 Ke7 42. Rc8 Rb1 43. Rb8 Ke6 44. b4 Kd5 45. Rf8 Rxb4 46. Rxf6 1-0

[Event "Titled Tuesday intern op 20th Dec Early"]
[Site "Chess.com INT"]
[Date "2022.12.20"]
[Round "4"]
[White "Zaksaite, Salomeja"]
[Black "Noshin, Anjum"]
[Result "1-0"]
[WhiteElo "2187"]
[BlackElo "1876"]
[PlyCount "77"]
[EventDate "2022.12.20"]
[EventType "swiss (blitz)"]
[EventRounds "11"]
[EventCountry "USA"]
[SourceTitle "EXT 2024"]
[Source "ChessBase"]
[SourceDate "2023.10.10"]
[SourceVersion "1"]
[SourceVersionDate "2023.10.10"]
[SourceQuality "1"]

1. e4 e5 2. Nf3 Nc6 3. Bc4 Nf6 4. d3 Bc5 5. Nbd2 d6 6. h3 a6 7. a4 h6 8. c3 a5 9. Bb3 Qe7 10. Nf1 Be6 11. Ne3 Rd8 12. g4 d5 13. exd5 Nxd5 14. 0-0 Nxe3 15. fxe3 0-0 16. d4 Bxb3 17. Qxb3 e4 18. Ne1 Bd6 19. Ng2 b6 20. Bd2 Qe6 21. Qxe6 fxe6 22. Nf4 e5 23. Ne6 Rxf1+ 24. Rxf1 Re8 25. d5 Ne7 26. c4 c6 27. g5 hxg5 28. Nxg5 cxd5 29. Nf7 Bb8 30. Bc3 dxc4 31. Nxe5 Bxe5 32. Bxe5 Nc6 33. Bc3 Rd8 34. Rf4 Re8 35. Rg4 Re7 36. Rg6 Ne5 37. Rxb6 Nf3+ 38. Kf2 Nh4 39. Rb8+ 1-0

[Event "BAN-chB 47th"]
[Site "Dhaka"]
[Date "2022.11.02"]
[Round "7"]
[White "Noshin, Anjum"]
[Black "Kazi Zarin, Tasnim"]
[Result "1/2-1/2"]
[WhiteElo "1996"]
[BlackElo "1860"]
[PlyCount "43"]
[EventDate "2022.10.27"]
[EventType "swiss"]
[EventRounds "11"]
[EventCountry "BAN"]
[SourceTitle "EXT 2024"]
[Source "ChessBase"]
[SourceDate "2023.10.10"]
[SourceVersion "1"]
[SourceVersionDate "2023.10.10"]
[SourceQuality "1"]

1. e4 e5 2. Nf3 Nc6 3. Bb5 a6 4. Ba4 Nf6 5. 0-0 Be7 6. Re1 b5 7. Bb3 d6 8. c3 0-0 9. h3 h6 10. d4 Re8 11. Nbd2 Bd7 12. Nf1 a5 13. a4 bxa4 14. Bxa4 exd4 15. Nxd4 Nxd4 16. Qxd4 c5 17. Qd1 Bxa4 18. Rxa4 Qb6 19. Nd2 Bf8 20. Qb3 Qc6 21. Qa2 d5 22. e5 1/2-1/2

[Event "Olympiad Women-44"]
[Site "Chennai"]
[Date "2022.08.01"]
[Round "4.2"]
[White "Aulia, Medina Warda"]
[Black "Noshin, Anjum"]
[Result "1-0"]
[WhiteElo "2374"]
[BlackElo "2027"]
[PlyCount "53"]
[EventDate "2022.07.29"]
[EventType "team-swiss"]
[EventRounds "11"]
[EventCountry "IND"]
[SourceTitle "CBM 210"]
[Source "ChessBase"]
[SourceDate "2022.10.31"]
[SourceVersion "1"]
[SourceVersionDate "2022.10.31"]
[SourceQuality "1"]
[WhiteTeam "Indonesia (W)"]
[BlackTeam "Bangladesh (W)"]
[WhiteTeamCountry "INA"]
[BlackTeamCountry "BAN"]

1. e4 e5 2. Nf3 Nc6 3. Bb5 Nge7 4. 0-0 Ng6 5. d4 exd4 6. Nxd4 Bc5 7. Nf5 0-0 8. Nc3 a6 9. Bd3 d6 10. Qh5 Nce5 11. Be2 Be6 12. Kh1 Nd7 13. Bg5 f6 14. Bd2 Nge5 15. f4 Bf7 16. Qh4 Nc6 17. Rf3 b5 18. Rh3 Bg6 19. Bh5 Bxf5 20. exf5 h6 21. Bf3 Nd4 22. Bxa8 Qxa8 23. Qg4 Kh8 24. Re1 Re8 25. Rhe3 Rxe3 26. Rxe3 Qd8 27. Qg6 1-0

[Event "Dhaka Chowdhury Memorial op-A 2nd"]
[Site "Dhaka"]
[Date "2022.07.06"]
[Round "6"]
[White "Sacchu, Afzal Hossain"]
[Black "Noshin, Anjum"]
[Result "0-1"]
[WhiteElo "2057"]
[BlackElo "2027"]
[PlyCount "103"]
[EventDate "2022.07.02"]
[EventType "swiss"]
[EventRounds "8"]
[EventCountry "BAN"]
[SourceTitle "EXT 2023"]
[Source "ChessBase"]
[SourceDate "2022.10.05"]
[SourceVersion "1"]
[SourceVersionDate "2022.10.05"]
[SourceQuality "1"]

1. d4 d5 2. c4 dxc4 3. e3 e6 4. Bxc4 Nf6 5. Nf3 c5 6. 0-0 a6 7. a4 Nc6 8. dxc5 Qxd1 9. Rxd1 Bxc5 10. Nc3 b6 11. Bd3 Nb4 12. Bb1 Bb7 13. e4 Ng4 14. Rf1 Rd8 15. h3 Nf6 16. Bg5 h6 17. Bh4 g5 18. Bg3 Nh5 19. Bh2 Ke7 20. Ba2 Nxa2 21. Rxa2 Rhg8 22. Raa1 Nf6 23. Rfe1 Bb4 24. Bc7 Rc8 25. Bxb6 Bxc3 26. bxc3 Nxe4 27. Ba5 Nxc3 28. Nd4 Kf6 29. Bxc3 Rxc3 30. Reb1 Bd5 31. Rb6 Rd3 32. Nc2 a5 33. Ra6 Ra8 34. Rd6 Rb3 35. Rd7 Rb7 36. Rxb7 Bxb7 37. Nd4 Ke5 38. Nb5 Bc6 39. Re1+ Kf6 40. Rb1 Rb8 41. f3 Bxb5 42. axb5 Rb6 43. Kf2 Ke5 44. Ke3 Kd5 45. Kd3 Kc5 46. Rc1+ Kxb5 47. Rc7 Rd6+ 48. Ke4 a4 49. Rxf7 a3 50. Rb7+ Rb6 51. Ra7 Kb4 52. Ra8 0-1